[Event "Serbian-ch 29th"]
[Site "Sabac"]
[Date "1998.04.28"]
[Round "9"]
[White "Simic, Radoslav"]
[Black "Marciano, David"]
[Result "1/2-1/2"]
[WhiteElo "2435"]
[BlackElo "2485"]
[Annotator "Donev,I"]
[PlyCount "45"]
[EventDate "1998.04.20"]
[EventType "tourn"]
[EventRounds "13"]
[EventCountry "YUG"]
[EventCategory "9"]
[SourceTitle "CBM 065"]
[Source "ChessBase"]
[SourceDate "1998.08.06"]
[SourceVersion "1"]
[SourceVersionDate "1998.08.06"]
[SourceQuality "1"]

1. Nf3 d5 2. d4 Nf6 3. c4 e6 4. Nc3 Be7 5. Bg5 O-O 6. e3 h6 7. Bh4 Ne4 {
Marciano Lieblings Variante.} 8. Bxe7 ({Eine frische Beispiel aus seine Praxis:
} 8. Bg3 c5 9. cxd5 exd5 10. Bd3 Bf5 11. O-O Nc6 12. dxc5 Bxc5 13. Rc1 Be7 14.
Bb5 Nxc3 15. Rxc3 Bf6 16. Rc5 Qb6 17. Bxc6 Qxc5 18. Bxb7 Rad8 19. Nd4 Bxd4 20.
Qxd4 Qb5 21. Qxa7 Rd7 22. Ba6 Qxf1+ {0-1 Ashley,M-Marciano,D/Cannes op1998})
8... Qxe7 9. Rc1 Nxc3 10. Rxc3 c6 11. Bd3 Nd7 12. O-O {In solchen Stellungen
ist die Entwicklung des Läufer c8 das Hauptproblem der Nachziehende. Darum
versucht der Schwarze den Schlüsselzug e6 - e5 durchzusetzen. So wird die
Diagonale c8-h3 befreit.} e5 ({Es ist Spielbar auch zuerst auf c4 zu tauschen
und dann e6-e5 durchzuführen. So wird die Stellung vereinfacht und ausgleichen.
} 12... dxc4 13. Rxc4 e5 14. dxe5 Nxe5 15. Re4 Nxf3+ 16. Qxf3 Be6 17. Bc4 Rad8
18. Bxe6 fxe6 19. Qg4 Rd2 20. Rxe6 Qd7 21. f4 Rd6 22. Rg6 Qxg4 23. Rxg4 Re8 24.
Rg3 Rd3 25. Rgf3 Rexe3 {1/2-1/2 Anic,D-Marciano,D/Narbonne ch-FRA sp 1997}) 13.
dxe5 (13. Bb1 exd4 14. Nxd4 (14. exd4 dxc4 $11 {Nebst Nf6 oder Nb6 verspricht
Weiß kein Vorteil.}) 14... Nb6 15. c5 Nc4 16. b3 Ne5 $13 {Und wieder hat der
Nachziehende kein Problem.}) 13... dxc4 14. Bxc4 Nxe5 15. Nxe5 Qxe5 16. Qd2
$146 {Eine neue Idee. Weiß will die d - Linie beherrschen.Die Dame deckt von
einer Seite den Bauer b2 um den Zug Rd3 vorzubereiten, von der anderen Seite
befreit sie das Feld d1 für den Königs Turm.} (16. Qb3 b6 17. Rd1 Bf5 18. Bd3
Be6 19. Qa4 c5 {= Lazarev,V-Korneev,O/Porto San Giorgio op 1997/EXP 59}) 16...
Bf5 17. Rd1 Qf6 {[%cal Yf6d8] Bereitet Rd8 vor.} 18. Rcc1 {Es ist klar
geworden, das der Turm auf c3 keine Arbeit hat.} Rad8 ({Hier könnte Schwarz
ein wenig besser spielen:} 18... Rfd8 {So wird das Feld f8 für den schwarzen
Monarch befreit.} 19. Qc3 Qxc3 20. bxc3 Kf8 $15) 19. Qc3 Qxc3 20. bxc3 $15 {
Wegen der einzelnen Bauern a2 und c3 ist die schwarze Bauernstruktur besser.
Aber dieser Vorteil ist so minimal, dass die Partie in ein paar Zügen remis
endet.} b5 21. Be2 Be6 22. a3 a6 23. Kf1 1/2-1/2

[Event "Saint Louis Summer-A"]
[Site "Saint Louis"]
[Date "2018.05.23"]
[Round "9"]
[White "Akobian, Varuzhan"]
[Black "Fridman, Daniel"]
[Result "1/2-1/2"]
[WhiteElo "2647"]
[BlackElo "2636"]
[Annotator "Fernandez,D"]
[PlyCount "77"]
[EventDate "2018.05.15"]
[EventType "tourn"]
[EventRounds "9"]
[EventCountry "USA"]
[EventCategory "16"]
[SourceTitle "CBM 185"]
[Source "ChessBase"]
[SourceDate "2018.07.13"]
[SourceVersion "1"]
[SourceVersionDate "2018.07.13"]
[SourceQuality "1"]

{This was one of the least interesting games of the round, and while accusing
people of arranging draws is never cool, it would not be an exaggeration to
say that most people wouldn't expect a decisive outcome from this game, just
because of the roles of the players in this event.} 1. d4 d5 2. c4 e6 3. Nc3
Nf6 4. Nf3 Be7 5. Bg5 h6 6. Bh4 (6. Bxf6 Bxf6 7. cxd5 exd5 8. e3 {is a line
often played by White for a small edge. The main plan is a queenside attack
spearheaded by the b-pawn.} c6 9. b4 $5 $132) 6... O-O 7. e3 Ne4 8. Bxe7 Qxe7
9. Rc1 c6 10. Bd3 Nxc3 11. Rxc3 dxc4 12. Bxc4 Nd7 {This is one of those
positions, which seems equal from the White side and better for White from the
Black side. Fridman has played it before, so he is calm about executing his
ideas.} 13. O-O b6 14. Bd3 c5 15. Qc2 Bb7 16. Bh7+ Kh8 17. Be4 cxd4 18. Nxd4
Bxe4 19. Qxe4 Nc5 20. Qc2 a5 {In fact, Fridman has even reached this position
before!} 21. h3 (21. Nb3 Nxb3 22. Qxb3 Qb7 23. Rfc1 Rfc8 24. g3 Rxc3 25. Qxc3
Rd8 $11 {was the not-especially-thrilling, but long, encounter Vitiugov,
N-Fridman,D Germany 2017}) 21... Qb7 22. Rc1 Rfd8 23. Nb3 Na6 24. Nd4 Nc5 25.
Nb3 Na6 26. a3 {Some ambition?} a4 27. Nd4 Nc5 28. b4 axb3 29. Nxb3 Nxb3 30.
Qxb3 Rdc8 31. Rxc8+ {It would appear not!} Rxc8 32. Rxc8+ Qxc8 33. Qxb6 Qc1+
34. Kh2 Qxa3 {The rest could really have been spared.} 35. Qb8+ Kh7 36. Qf4 Kg8
37. Qb8+ Kh7 38. Qf4 Kg8 39. Qb8+ 1/2-1/2

[Event "EU-chT (Men) 18th"]
[Site "Porto Carras"]
[Date "2011.11.10"]
[Round "8.3"]
[White "Mamedyarov, Shakhriyar"]
[Black "Fridman, Daniel"]
[Result "1/2-1/2"]
[WhiteElo "2733"]
[BlackElo "2661"]
[Annotator "Fridman,D"]
[PlyCount "117"]
[EventDate "2011.11.03"]
[EventType "team-swiss"]
[EventRounds "9"]
[EventCountry "GRE"]
[SourceTitle "CBM 146"]
[Source "ChessBase"]
[SourceDate "2012.01.18"]
[SourceVersion "1"]
[SourceVersionDate "2012.01.18"]
[SourceQuality "1"]
[WhiteTeam "Azerbaijan"]
[BlackTeam "Germany"]
[WhiteTeamCountry "AZE"]
[BlackTeamCountry "GER"]

{This was a very important game in the final phase of the tournament. With a
bit of luck and with the help of some stubborn defence I managed to draw the
game, which also secured the win in the match for us after Arkadij's
magnificent victory.  Eine sehr wichtige Partie in der Endphase des Turniers.
Mit ein bisschen Glück und mit Hilfe zäher Verteidigung konnte ich diese
Partie remisieren, was nach Arkadijs großartigem Sieg uns auch den Matchgewinn
sicherte.} 1. d4 d5 2. c4 e6 3. Nc3 Be7 4. Nf3 Nf6 5. Bg5 h6 6. Bh4 O-O 7. e3
Ne4 8. Bxe7 Qxe7 9. Rc1 c6 10. g4 {In my preparation the Queen's Gambit was
the first thing I expected. In the previous ECh in Novi Sad I had already
played Shakhriyar with Black. There was also a Queen's Gambit in
Khanty-Mansiysk in the World Cup. But Shakhriyar always played a different
variation.   Das Damengambit habe ich bei meiner Vorbereitung in erste Linie
erwartet. Ich habe schon bei der letzten EM in Novi Sad gegen Shakhriyar mit
Schwarz gespielt. Auch in Khanty-Mansiysk beim World Cup gab es ein
Damengambit. Shakhriyar hat aber immer eine neue Variante gespielt.} Nd7 11. h4
Nxc3 12. Rxc3 c5 13. g5 h5 14. Be2 {This variation did not come as a total
surprise to me, but Rustam and I also had not had a lot of time to analyse the
variation. Diese Variante kam nicht ganz überraschend für mich aufs Brett,
viel Zeit um genau diese Variante zu analysieren hatten Rustam und ich aber
auch nicht.} (14. g6 {The direct attack does not work here. The white king
could also run into problems. Der direkte Angriff funktioniert hier nicht. Der
weiße König könnte auch Probleme kriegen.} fxg6 15. cxd5 exd5 16. dxc5 Kh8 17.
Qxd5 Rf5 18. Qd1 Nxc5 $36) (14. cxd5 exd5 15. dxc5 Nxc5 16. Qxd5 Na4) (14. Bg2
$5) 14... g6 {Black permanently prevents the threat of g6. White needs to do
something or else Black will simply be comfortable. Schwarz unterbindet die
Drohung g6 für immer. Weiß muss handeln, sonst steht Schwarz einfach bequem.} (
14... b6 15. cxd5 exd5 16. Bb5 Bb7) 15. cxd5 exd5 16. dxc5 Nxc5 17. Qxd5 Na4 $6
{A bit too passive. The b2-pawn is not so important. Etwas zu passiv. Der
Bauer b2 ist nicht so wichtig.} (17... Ne4 {was a better alternative. For
example: war eine bessere Alternative. Zum Beispiel:} 18. Rb3 (18. Rc1 Bg4 19.
O-O Rad8 $40) (18. Rc4 Re8 19. O-O Bg4 $44) 18... Re8 19. O-O Rb8 20. Rd1 b6
21. Ra3 Bg4 {Black has good compensation in all variations. Schwarz hat gute
Kompensation in allen Varianten.}) 18. Rc4 (18. Rc1 Bg4 19. O-O $14) 18... Be6
19. Qe5 Nxb2 $6 {I wrongly evaluated the position which will appear on the
board by force after this move. I though my a- and b-pawns gave me enough
counterplay. But White's kingside attack is much more dangerous. 19...Nb6 was
preferable. Die Stellung, die nach diesem Zug forciert aufs Brett kommt, habe
ich falsch eingeschätzt. Ich dachte meine Bauern a und b geben mir genug
Gegenspiel. Der weiße Angriff am Königsflügel ist aber viel gefährlicher. 19...
Nb6 war vorzuziehen.} (19... Nb6 20. Rd4 Rfc8 21. O-O Rc5 22. Qe4 Qc7 23. b3
$14) 20. Qxb2 (20. Rf4 Qa3 21. O-O Nd3 $11) 20... Bxc4 21. Bxc4 Qe4 22. Be2 (
22. Qe2 Qb1+ 23. Qd1 Qb4+ 24. Nd2 Rad8 25. Qc2 Rxd2 26. Qxg6+ Kh8 27. Qxh5+ Kg8
28. Qg6+ Kh8 $11) 22... Rac8 23. O-O Rc2 24. Qd4 Re8 (24... Qxd4 25. Nxd4 Rxa2
26. Rc1 Rd8 27. Kf1 Rd7 28. f4 $40) 25. Bb5 $1 Re7 $8 (25... Re6 $4 26. Bd3 $18
) 26. Qxe4 Rxe4 27. Ra1 Rb2 28. a4 Reb4 {My plan was to exchange a rook and
set in motion my queenside pawns in order to divert the white pieces from the
kingside.  Mein Plan war, einen Turm zu tauschen und meine Bauern am
Damenflügel in Bewgung zu setzen, um die weißen Figuren vom Königsflügel
abzulenken.} 29. Kg2 Rg4+ 30. Kf1 Rgb4 {It is very hard for Black to come up
with a specific plan. I took a practical decision to wait and see what White
would do in the time trouble phase. Es ist sehr schwer für Schwarz einen
konkreten Plan zu finden. Ich habe eine praktische Entscheidung getroffen, in
der Zeitnotphase abzuwarten, was Weiß macht.} (30... a6 31. Bd3 Kg7 32. a5 $16)
31. Rd1 (31. Bd3 $1 {This move is much stronger. The idea is to control the
b1-square and so avoid the exchange of rooks. dieser Zug ist viel stärker. Die
Idee ist es, das Feld b1 zu kontrollieren und damit den Turmtausch zu
vermeiden.} R4b3 (31... R2b3 32. Ne5 Rc3 33. Kg2 $16) 32. Be4 Rb4 33. Nd4 $16)
31... Rb1 32. Rxb1 Rxb1+ 33. Ke2 a6 (33... Rb2+ 34. Nd2 Ra2 35. f4 a6 36. Bd7
Kf8 37. Bc8 Rxa4 $14) 34. Bc4 Rb2+ 35. Kf1 $6 {Perhaps Shakhriyar did not want
to go in for a pawn sacrifice in time trouble. But now Black equalises..
Vielleicht wollte sich Shakhriyar in Zeitnot nicht auf ein Bauernopfer
einlassen. Aber jetzt gleicht Schwarz aus.} (35. Ke1 $1 {gives more chances.
In many variations being one square closer to the queenside could be decisive.
Generally speaking, the plans are clear. Black is trying to create a passed
pawn as quickly as possible. White wants to prevent that and to attack the
f7-square. gibt mehr Chancen. Ein Feld näher zum Damenflügel könnte in vielen
Varianten entscheidend sein. Generell sind die Pläne klar. Schwarz versucht so
schnell wie möglich einen Freibauern zu organisieren, Weiß will es unterbinden
und den Punkt f7 angreifen.} Kg7 (35... Rb1+ 36. Kd2 Rb2+ 37. Kc3 Rxf2 38. Ne5
Kg7 39. Bxf7 $16) (35... b5 36. axb5 axb5 37. Bd3 b4 38. Nd2 $16) (35... Rb4
36. Ne5 Kg7 37. f4 (37. Bxf7 b5) 37... f6 38. gxf6+ Kxf6 39. Bd3 Rxa4 40. Bxg6
a5 41. Bxh5 Rb4 42. Nd3) 36. Ne5 f6 37. gxf6+ Kxf6 38. f4 b5 39. axb5 axb5 $14)
(35. Nd2 Rb4 36. a5 Ra4 37. Bd5 Rxa5 38. Bxb7 $14) 35... Rb4 $1 36. Ne5 Kg7 37.
Bxf7 (37. f4 f6 38. gxf6+ Kxf6 39. Bd3 Rxa4 40. Bxg6 a5 41. Bxh5 Rb4 42. Nd3
Rb3 43. Ke2 a4 $132) 37... Re4 $2 $138 {At this point we were both in time
trouble. I was trying to calculate the pawn endgame out to the finish, which I
managed to do but which was not of much use to me. Additionally, the exchange
sacrifice was very complicated. But I thought I could hold a draw with it.
Unfortunately I overlooked the very next move. If I had seen it I would
certainly have found 37...b5!. Zu diesem Zeitpunkt befanden wir beide uns in
Zeitnot. Ich versuchte das Bauernendspiel bis zum Ende zu berechnen, was mir
auch gelang, aber nicht viel nützte. Außerdem war das Qualitätsopfer sehr
unübersichtlich. Ich glaubte aber, dass ich dort Remis halten kann. Leider
habe ich den nächsten Zug übersehen. Wenn ich ihn gesehen hätte, würde ich
bestimmt 37...b5! gefunden haben.} (37... b5 $1) 38. Nc4 $1 {My opponent was
in despair because he could not find a clear win. In the last second, and I
mean that literally, he came up with 38.Nc4!. After the move his clock was
showing 31 seconds. Mein Gegner war am Verzweifeln, weil er keinen klaren
Gewinn finden konnte. In der letzten Sekunde, und das buchstäblich, warf er 38.
Nc4! aufs Brett! Die Uhr zeigte nach dem Zug 31 Sekunden für ihn!} (38. f4 Rxe5
39. fxe5 Kxf7 40. a5 Ke6 41. Ke2 Kxe5 42. Kf3 $1 Kd5 43. Kf4 Kc6 44. e4 Kd6 $1
$11) (38. Bxg6 $5 Rxe5 39. Bxh5 Re4 40. f4 (40. Be2 Rxh4 41. f4 Rh2 42. a5 Rh1+
43. Kf2 Ra1 $13) 40... Rxe3 41. Kf2 Re4 42. Kg3 Rxa4 43. f5 Ra3+ 44. Kf4 Ra4+
45. Ke5 Rxh4 46. f6+ Kh7 47. Bf7 Rg4 48. Kf5 Rg1 49. g6+ Kh6 50. g7 Rxg7 $11)
38... b5 {I was very disappointed to have overlooked Nc4. Fortunately the next
three moves were forced so I was able to survive the time trouble.  Ich war
sehr enttäuscht, dass ich Nc4 übersehen habe. Zum Glück waren die nächsten 3
Züge forciert, so konnte ich die Zeitnot überstehen.} 39. axb5 axb5 40. Bd5
Rxh4 41. Ne5 {Now the struggle for survival began afresh. Black must activate
the rook and organise counterplay together with the b-pawn. Jetzt begann
erneut der Kampf ums Überleben. Schwarz muss den Turm aktivieren und zusammen
mit dem b-Bauern Gegenspiel organisieren.} Ra4 42. Nc6 $6 {This logical move
might be the decisive mistake. .The direct pawn attack 42.e4! could lead to
victory, although I am as yet not 100% sure of that. Dieser logische Zug
dürfte der entscheidende Fehler sein. Der direkte Bauernangriff 42.e4! könnte
zum Sieg führen, obwohl ich mir bis jetzt nicht 100%ig sicher bin.} (42. e4 $1
h4 (42... b4 43. f4 Kh7 (43... Ra5 44. Nf3) 44. Kf2 (44. f5 $2 gxf5 45. exf5
Ra5 46. Nd7 b3 47. Ke2 Kh8)) (42... Ra1+ 43. Kg2 b4 44. f4 Rd1) 43. f4 h3 44.
Kg1 Ra1+ 45. Kh2 Rf1 46. Kxh3 Rxf4) 42... Ra1+ 43. Kg2 (43. Ke2 h4) 43... Rb1
44. Nd4 b4 45. Ne6+ Kh7 46. Nf8+ Kg7 47. Nxg6 b3 48. Nf4 b2 49. Nxh5+ Kh8 $1 (
49... Kf8 50. Be4 Rc1 51. g6 Rc5 52. Nf4 Rc4 53. Bf5 $18) 50. Be4 (50. g6 Rg1+
51. Kxg1 b1=Q+ 52. Kg2 Qh1+ 53. Kxh1 $11) 50... Rc1 51. g6 Rc5 {Black saves
his bacon with the help of a nice idea: a perpetual attack on the white bishop.
Schwarz rettet sich mit Hilfe einer schönen Idee: Dauerangriff auf den weißen
Läufer.} 52. Nf4 Rc4 53. Bf5 Rc5 54. Bb1 Rc1 55. Bd3 Rc3 56. Bb1 Rc1 57. Bf5
Rc5 58. g7+ Kxg7 59. Bb1 {And White had to give up his attempts to win. This
secured for us an extremely important victory. Und Weiß musste die
Gewinnversuche einstellen. Was uns einen superwichtigen Sieg sicherte.} (59.
Ne6+ Kf6 60. Nxc5 Kxf5 $19) 1/2-1/2

[Event "Reggio Emilia Top16 33rd"]
[Site "Reggio Emilia"]
[Date "1991.??.??"]
[Round "?"]
[White "Polugaevsky, Lev"]
[Black "Andersson, Ulf"]
[Result "1-0"]
[WhiteElo "2610"]
[BlackElo "2640"]
[Annotator "Ftacnik,L"]
[PlyCount "101"]
[EventDate "1991.01.??"]
[EventType "tourn"]
[EventRounds "14"]
[EventCountry "ITA"]
[EventCategory "16"]
[SourceTitle "CBM 022"]
[Source "ChessBase"]
[SourceDate "1991.06.01"]
[SourceVersion "1"]
[SourceVersionDate "1991.06.01"]
[SourceQuality "1"]

1. Nf3 Nf6 2. c4 e6 3. Nc3 d5 4. d4 Nbd7 5. Bg5 h6 6. Bh4 Be7 7. e3 Ne4 8. Bxe7
Qxe7 9. Rc1 (9. Nxe4 dxe4 10. Nd2 f5 11. Qh5+ Qf7 12. Qxf7+ Kxf7 13. f3 $10)
9... Nxc3 10. Rxc3 c6 11. Bd3 O-O 12. O-O dxc4 13. Bxc4 b6 14. Bd3 c5 15. Bb5
cxd4 16. Nxd4 Nc5 17. Bc6 Bb7 18. Qf3 Bxc6 19. Nxc6 Qb7 20. Ne5 Qxf3 21. gxf3
f6 (21... Rfd8 22. b4 Nd7 23. Nc6 Re8 24. Rd1 $16) 22. Nc6 a5 23. Rd1 Rf7 24.
Rd6 e5 25. b4 Nb7 26. Rd2 Rc7 (26... axb4 27. Nxb4 $14) 27. b5 Rf8 28. Kg2 Rff7
29. Rcd3 Nc5 30. Rd8+ Kh7 31. f4 exf4 32. exf4 Ne6 33. Rb8 Rfd7 (33... Rb7 34.
Rxb7 Rxb7 35. f5 $16) 34. Rxd7 Rxd7 35. Rxb6 Rd3 (35... Nxf4+ 36. Kf3 Nd5 37.
Ra6 $16) 36. f3 Rd2+ 37. Kg3 Rxa2 38. f5 Nc5 39. Rb8 g6 (39... Rb2 40. Ne7 Nd7
41. Rd8 Ne5 42. f4 $18) 40. Nd4 gxf5 41. Rc8 Nd3 42. Nxf5 Rb2 43. Rc7+ Kg8 44.
Nxh6+ Kf8 45. Rf7+ Ke8 46. Rxf6 Rxb5 47. Nf5 a4 48. h4 $1 (48. Nd6+ Ke7 49.
Nxb5 Kxf6 $10) 48... Ra5 49. h5 a3 50. h6 Ra7 51. Nd6+ {Ftacnik,L} (51. Nd6+
Kd8 52. Rf8+ Kd7 53. Rf7+ $18) 1-0

[Event "Munich SKA"]
[Site "Munich"]
[Date "1993.??.??"]
[Round "4"]
[White "Huebner, Robert"]
[Black "Jussupow, Artur"]
[Result "1/2-1/2"]
[WhiteElo "2620"]
[BlackElo "2645"]
[Annotator "Ftacnik,L"]
[PlyCount "118"]
[EventDate "1993.05.??"]
[EventType "tourn"]
[EventRounds "11"]
[EventCountry "GER"]
[EventCategory "16"]
[SourceTitle "CBM 036"]
[Source "ChessBase"]
[SourceDate "1993.10.01"]
[SourceVersion "1"]
[SourceVersionDate "1993.10.01"]
[SourceQuality "1"]

1. d4 d5 2. c4 e6 3. Nc3 Be7 4. Nf3 Nf6 5. Bg5 h6 6. Bh4 O-O 7. e3 Ne4 8. Bxe7
Qxe7 9. Qc2 Nxc3 10. Qxc3 dxc4 11. Bxc4 b6 12. O-O (12. Rc1 Bb7 13. Be2 Nd7 {
/\ c7-c5}) 12... Bb7 13. Be2 c5 (13... Rc8 14. b4 c5 15. bxc5 bxc5 16. Qa3 Kf8
$10 {Loginov-Timoschenko/Sverdlovsk/1987/}) 14. dxc5 Rc8 15. b4 (15. Nd4 $6
Rxc5 16. Qa3 Nc6 17. Nxc6 Bxc6 18. Rfd1 $6 Rc8 $1 19. Bf1 Bd5 $15 {Karpov,
An-Yusupov,A/London cm-4/1989/}) (15. Rac1 Rxc5 16. Qa3 Nd7 $10 {
Zamansky-Stork/Groningen/1990/}) 15... bxc5 16. b5 (16. Rfc1 Nd7 17. b5 a6 18.
a4 c4 $6 {Psakhis,L-Yusupov,A/Baden Baden/1992/} (18... axb5 $1)) (16. bxc5 Nd7
17. Rfe1 Nxc5 18. Rab1 Ne4 19. Qb2 Bd5 20. a3 $10 {Epishin,V-Lputian,Sm/New
York/1990/}) 16... a6 17. Nd2 $5 (17. a4 axb5 18. axb5 Nd7 $10) (17. Rfd1 Nd7 (
17... axb5 18. Bxb5 Bxf3 19. gxf3 c4 $1 20. a4 Qg5+ 21. Kh1 Qh5 22. e4 Nc6 $13)
18. a4 axb5 19. Bxb5 Nf6 20. Rac1 Bd5 $2 (20... Nd5) 21. Nd2 $14 {
Kharitonov-Korneev/Smolensk/1991/}) 17... axb5 18. Bxb5 Bxg2 $5 19. Kxg2 Qb7+
20. Kh3 Qxb5 21. Rg1 e5 $6 (21... g6 22. Ne4 (22. Nc4 Ra4 23. Nd6 Qc6 24. Nxc8
Qf3+ 25. Rg3 Rh4+ $1 26. Kxh4 Qh5#) 22... Qe2 23. Nf6+ Kf8 24. Nh7+ $10 (24.
Kg2 Rd8 (24... Rxa2 $6 25. Rxa2 Qxa2 26. Ra1 Qe2 27. Ra8 Qb5 28. Nd5 Kg8 29.
Ne7+ Kh7 30. Nxc8 Qb7+ 31. Kg3 Qxa8 32. Qf6 Qd5 33. Qxf7+ Kh8 $13))) 22. Rxg7+
$1 (22. Qxe5 Qd7+ 23. Kg2 Qxd2) 22... Kxg7 23. Qxe5+ Kf8 (23... f6 24. Rg1+ Kh7
25. Qe7+ $18) (23... Kh7 24. Qf5+ Kg7 25. Rg1+ Kf8 26. Qxc8+ Ke7 27. Rg8 $16)
24. Qh8+ Ke7 25. Qxc8 Ra4 $1 (25... Qd7+ $2 26. Qxd7+ Nxd7 27. a4 $1 $16) 26.
Rb1 Qd7+ $8 27. Qxd7+ Nxd7 28. Rb2 f5 (28... Ne5 29. Nb3 Kd6 30. Rd2+) 29. Kg2
(29. f4 c4 30. Rc2 Nb6 $14) (29. Kg3 Ne5 (29... Rg4+ 30. Kf3 Ne5+ 31. Ke2 Rg2
32. Rb7+ Kd6 33. a4) 30. h3 Nd3) 29... f4 $1 30. exf4 (30. e4 c4 31. Nb1 Ne5
$13) 30... Rxf4 31. Rb3 (31. f3 {/\ Ne4}) 31... Rd4 32. Re3+ Kd6 33. Nb3 Rd1 (
33... Ra4 $2 34. Rd3+ Kc6 35. Rxd7 $1 $18) 34. Rh3 c4 35. Na5 (35. Rxh6+ Kd5
36. Rh5+ (36. Na5 Ne5 37. Rh8 Ra1 38. Rd8+ Kc5 39. Rd2 Nd3 $132) 36... Ke4 (
36... Kd6 37. Na5 c3 38. Nc4+ Ke6 39. Ne3 Rd2 40. Rh8 $14) 37. Nc5+ Nxc5 38.
Rxc5 Kd4 39. Rc8 Ra1 $13) 35... Kc5 36. Rh5+ Rd5 37. Rxd5+ Kxd5 38. Kf3 Ne5+ (
38... Kd4 39. Kg4) 39. Ke2 Nd3 40. Ke3 Nb4 41. a4 (41. a3 Nc2+) 41... Nd3 42.
Nb7 Ne5 43. h3 c3 44. a5 (44. f4 Nc4+ 45. Kd3 Nb2+ 46. Kxc3 Nxa4+ $10) 44...
Kc6 45. a6 Kb6 46. Nc5 (46. Nd6 Kxa6 47. f4 Nd7 $10) 46... Kxc5 $1 47. a7 Nc4+
$8 48. Kd3 Nb6 49. Kxc3 Kc6 50. Kd4 Kb7 51. Ke5 Kxa7 52. Kf5 Kb7 53. Kg6 Kc6
54. Kxh6 Kd6 55. h4 Ke6 56. Kg7 Nd5 57. h5 Ne7 58. f4 (58. h6 Nf5+ 59. Kg6 Nxh6
60. Kxh6 Kf5 $10) 58... Nf5+ 59. Kg6 Ne7+ 1/2-1/2